000 00715nam a2200217 i 4500
001 141268
003 ES-MaACL
005 20250823063108.0
007 t|
008 070920s1978 sp ||||1| spa d
100 1 _aVives, Juan Luis,
_d1492-1540
_9115574
245 1 0 _aDe la concordia y la discordia, de la pacificación
_b: /
_cJuan Luis Vives ; traducción, introducción y notas: Enrique Rivera.
260 _aMadrid :
_bEdic. Paulinas,
_c1978.
300 _a471 p. ;
_c18 cm.
490 1 _aFilosofía A.II
650 0 4 _aPaz.
_915898
700 1 _aRivera de Ventosa, Enrique.
_997647
830 0 _aFilosofía A.II
_9220396
852 _aES-MaACL
_jA-8121
_bR.97236
999 _c141268
_d141268